Antología de las mejores novelas policíacas / (Record no. 179342)

MARC details
000 -LEADER
campo de control de longitud fija 00714nam a22002171 4500
001 - NÚMERO DE CONTROL
campo de control 179342
003 - IDENTIFICADOR DE NÚMERO DE CONTROL
campo de control ES-MaACL
005 - FECHA Y HORA DE LA ÚLTIMA TRANSACCIÓN
campo de control 20240227205935.0
008 - DATOS DE LONGITUD FIJA--INFORMACIÓN GENERAL
campo de control de longitud fija 111107s1958 sp | |||| | spa d
017 ## - NÚMERO DE COPYRIGHT O DE DEPÓSITO LEGAL
Número de copyright o de depósito legal B 3035-1958
Agencia que asigna Oficina Depósito Legal Barcelona
040 ## - FUENTE DE CATALOGACIÓN
Centro catalogador/agencia de origen SpMaBN
Lengua de catalogación spa
Centro/agencia transcriptor SpMaBN
Normas de descripción rdc
080 ## - NÚMERO DE LA CLASIFICACIÓN DECIMAL UNIVERSAL
Número de la Clasificación Decimal Universal 82-31"18/19"(082.2)
245 00 - MENCIÓN DEL TÍTULO
Título Antología de las mejores novelas policíacas /
Mención de responsabilidad, etc. Carlos Fisas, Enrique Sordo.
260 ## - PUBLICACIÓN, DISTRIBUCIÓN, ETC.
Lugar de publicación, distribución, etc. Barcelona :
Nombre del editor, distribuidor, etc. Acervo,
Fecha de publicación, distribución, etc. [1958]
300 ## - DESCRIPCIÓN FÍSICA
Extensión 542 p. ;
Dimensiones 21 cm.
650 #7 - PUNTO DE ACCESO ADICIONAL DE MATERIA--TÉRMINO DE MATERIA
Término de materia o nombre geográfico como elemento de entrada Novelas policíacas
Fuente del encabezamiento o término
9 (RLIN) 174127
700 1# - ENTRADA AGREGADA--NOMBRE PERSONAL
Nombre de persona Sordo, Enrique.
9 (RLIN) 107330
700 0# - ENTRADA AGREGADA--NOMBRE PERSONAL
Nombre de persona Fisas, Carlos,
Fechas asociadas al nombre 1919-2010
9 (RLIN) 50966
852 ## - LOCALIZACIÓN
Ubicación ES-MaACL
Número de control de estantería C-14870
Holdings
Estatus retirado Estado de pérdida Estado de daño No para préstamo Biblioteca de origen Biblioteca actual Ubicación en estantería Fecha de adquisición Fuente de adquisición Total de préstamos Signatura topográfica completa Código de barras Visto por última vez Precio de reemplazo Tipo de ítem Koha
        Biblioteca del Ateneo de Madrid Biblioteca del Ateneo de Madrid Ficheros 07/11/2011     C-14870 1188402 23/02/2023 23/02/2023 Libro impreso